000 00982nam a2200277 i 4500
001 bg
100 1 _aLEWANDOWSKI, Piotr
245 1 0 _aPrawna ochrona wód morskich i śródlądowych przed zanieczyszczeniami /
_cPiotr Lewandowski.
260 _aGdańsk :
_bWydaw. UG,
_c1996.
300 _a192 s., [4] k. tabl. (w tym złoż.) :
_berr. ;
_c24 cm.
490 1 _aRozprawy i Monografie / [Uniwersytet Gdański]
504 _aBibliogr. s. 183-192.
650 9 _aKatastrofy morskie
_xprawo
650 9 _aMateriały niebezpieczne
_xtransport
_xbezpieczeństwo
_xprawo
650 9 _aMorze
_xhigiena i ochrona
_xprawo
650 9 _aPrawo międzynarodowe
_xzagadnienia
650 9 _aWody śródlądowe
_xhigiena i ochrona
_xprawo
830 0 _aRozprawy i Monografie ([Uniwersytet Gdański])
020 _a8370176453
040 _cBPK
041 0 _apl
080 _a341.224/.225:349.6:504.4
920 _a83-7017-645-3
942 _cKS
008 s pl f |000 0 pol
999 _c31225
_d31225
856 _uhttp://koha.tu.koszalin.pl/cgi-bin/koha/opac-detail.pl?biblionumber=31225
_yKatalog online BPK